Geografia - prawda czy fałsz? #6 - Statystyki

Ogólne statystyki
  • Ten quiz został rozwiązany 3 547 razy
    3 503 od ostatniego zresetowania
  • Średni wynik to 11 z 15
Statystyki odpowiedzi
Zagadnienie Odpowiedź % Poprawnych
Jedynym państwem na literę O jest Oman w języku polskim Prawda
94%
Portugalia leży na Półwyspie Iberyjskim Prawda
91%
Grenlandia jest mniejsza od Madagaskaru Fałsz
90%
Większość Antarktydy pokryta jest pokrywą lodową Prawda
90%
Chiny graniczą z Koreą Północną Prawda
88%
Żadne państwo afrykańskie nigdy nie było gospodarzem Mistrzostw Świata w piłce nożnej mężczyzn Fałsz
87%
Chiny eksportują towary o większej wartości niż jakiekolwiek inne państwo Prawda
85%
Spośród sześciu zamieszkałych kontynentów Afryka ma najniższy PKB na mieszkańca Prawda
85%
W Organizacji Narodów Zjednoczonych jest państwo, którego nazwa zaczyna się na „Zachód” Fałsz
80%
Uganda leży nad Oceanem Indyjskim Fałsz
79%
Językiem urzędowym Egiptu jest egipski Fałsz
78%
Ren i Rodan to dwie nazwy tej samej rzeki Fałsz
77%
Jest miasto o nazwie Karen, w którym mieszka ponad 1 000 000 mieszkańców Fałsz
51%
Gdańsk jest największym miastem w Polsce pod względem powierzchni Prawda
51%
Istnieje państwo które się nazywa jak polskie miasto Fałsz
21%
Nie znaleziono quizów pasujących do podanych kryteriów
Rozkład punktacji
Procent ludzi z każdym wynikiem
Percentyl według liczby udzielonych odpowiedzi
Twoja historia wyników
Nie rozwiązałeś tego quizu od ostatniego zresetowania